Understanding children and youth. (Record no. 14745)

000 -LEADER
fixed length control field 00632nam a2200181 a 4500
001 - CONTROL NUMBER
control field :::00012579$&:&@@
003 - CONTROL NUMBER IDENTIFIER
control field OkBaRHE
005 - DATE AND TIME OF LATEST TRANSACTION
control field 20000607103420.0
008 - FIXED-LENGTH DATA ELEMENTS--GENERAL INFORMATION
fixed length control field s1962 j 000 0 eng u
040 ## - CATALOGING SOURCE
Transcribing agency
100 1# - MAIN ENTRY--PERSONAL NAME
Personal name Benson, Clarence Herbert, 1879-
245 10 - TITLE STATEMENT
Title Understanding children and youth.
Statement of responsibility, etc An introductory study of human development.
260 ## - PUBLICATION, DISTRIBUTION, ETC. (IMPRINT)
Place of publication, distribution, etc Wheaton, IL., :
Name of publisher, distributor, etc Evangelical Teacher Training Association
Date of publication, distribution, etc c1962
300 ## - PHYSICAL DESCRIPTION
Extent 93 p. : illus. ;
Dimensions 22 cm.
650 ## - SUBJECT ADDED ENTRY--TOPICAL TERM
Topical term or geographic name as entry element Child Development
942 ## - ADDED ENTRY ELEMENTS (KOHA)
Source of classification or shelving scheme
Koha item type Books
Copies
Copy number Full call number Damaged status Barcode Shelving location Date acquired Lost status Source of classification or shelving scheme Permanent Location Date last seen Koha item type Withdrawn status Not for loan Price effective from
1HQ 772 .B46 12579General Stacks2010-04-14  RHEMA Bible Training College2010-04-14Books  2010-04-14